CHIHIRO lyrics - Statistics

General Stats
  • This quiz has been taken 185 times
  • The average score is 276 of 375
Answer Stats
Hint Answer % Correct
a
99%
I
99%
"I
99%
you
97%
You
97%
my
96%
My
96%
take
95%
Verse 1 To
95%
to
95%
away
93%
Do
93%
know
93%
the
93%
love
91%
say?
90%
say
90%
When
89%
when
89%
"No
88%
Said
88%
said
88%
what
88%
for
87%
me
87%
me?
87%
Me
87%
Chorus Open
87%
open
87%
door
86%
door?
86%
Not
86%
not
86%
today
86%
be
85%
can
85%
tomorrow
85%
up
85%
Refrain Did
83%
it
80%
was
80%
maybe
79%
with
79%
From
78%
any
77%
feel
77%
in
76%
more
76%
around
75%
back
75%
back)
75%
before
75%
come
75%
cope
75%
don't
75%
(Don't
75%
told
74%
can't
73%
name
72%
strange
71%
will
71%
won't
71%
forget
70%
sorrow
70%
borrow
68%
(Borrow)
68%
at
67%
could
67%
feelin'
67%
Kinda
67%
all
66%
store
66%
change
65%
it's
65%
sure
65%
you'd
65%
your
64%
show
63%
what's
62%
war
61%
Interlude And
59%
(And
59%
got
59%
hope
59%
that
58%
that"
58%
that)
58%
face
54%
but
53%
But
53%
(But
53%
turn
51%
wasn't
51%
called
49%
Verse 2 Saw
49%
why
49%
were
48%
Were
48%
alone
47%
break"
47%
counter
47%
I'm
47%
looked
47%
now
46%
Now
46%
found
43%
need
43%
takin'
43%
gone
42%
that's
42%
garden
41%
of
39%
waitin'
39%
How
38%
seat
38%
too?
36%
part
33%
serious
33%
serious?
33%
there's
33%
pardon
32%
beg
30%
returned
30%
Contemplatin'
29%
recognizes
27%
curious
25%
if
25%
They
24%
they
24%
you'll
21%
been
17%
hands
17%
only
17%
tell
17%
(Tell
17%
lap
16%
lap)
16%
trap
16%
trap)
16%
make
15%
Post-Chorus Wringing
15%
Outro (Wringing
15%
No matching quizzes found
Score Distribution
Percent of People with Each Score
Percentile by Number Answered
Your Score History
You have not taken this quiz